Top 10 Città più popolose Provincia di Monza e della Brianza - Statistics

Statistiche generali
  • Questo quiz è stato fatto 61 volte
  • Il punteggio medio è 6 su 10
Statistiche sulle risposte
Popolazione (ab.) Città % Corretto
119 856 Monza
98%
42 220 Lissone
91%
40 397 Desio
88%
43 001 Seregno
77%
25 309 Vimercate
65%
33 170 Brugherio
44%
39 303 Cesano Maderno
42%
24 527 Giussano
40%
23 208 Muggiò
35%
33 903 Limbiate
28%
Nessun quiz corrispondente trovato
Distribuzione punteggi
Percentuale di utenti per punteggio
Percentile per numero di risposta
I tuoi punteggi nel tempo
Non hai fatto questo quiz